LEADER 05684nam0 2200901 i 450 001 BVEE021594 005 20170908093211.0 012 $ahein stu- *-e- iere (3) 1550 (R)$2fei$9æ-e- 100 $a20140416d1550 ||||0itac50 ba 101 | $alat 102 $ait 181 1$6z01$ai $bxxxe 182 1$6z01$an 200 1 $a˜M. Tullii Ciceronis œRhetoricorum ad Herennium libri quatuor. alias, Ars noua, siue Noua rhetorica. Rhetoricorum De inuentione libri duo. ... In Rhetorica ad Herennium, Hieronymi Capiduri Parentini, & Iodoci Badij Ascensij commentaria, Gyberti Longolij annotationes, Claudij Pontani scholia, Petri Victorij castigatio, Marini Becichemi Scodrensis castigationes. In Rhetorica de inuentione, M. Fabij Victorini ... commentariorum libri duo: Marini Becichemi in libros de Inuentione & in ipsos Victorini commentarios castigationes. Index præterea in utraque hæc Ciceronis rhetorica, atque in ipsa interpretum commentaria. ... 210 $aVenetijs$capud Bartholomæum Cæsanum$d1550$eVenetijs$gapud Bartholomæum Cæsanum$h1550 215 $a°8!, 137, °1! c.$cill.$d8º 300 $aLa Rhetorica ad Herennium è di attribuzione incerta 300 $aA cura di Niccolò degli Angeli, il cui nome appare nella pref 300 $aMarca (Z566) sul front 300 $aCors. ; gr. ; rom 300 $aSegn.: °ast!⁸A-Z⁶. 316 $a1 v. Postille manoscritte sul frontespizio$5IT-NA0079, DE MARINISC 447 316 $a1 v.$5IT-NA0085, F. ANTICO SEC. 16. 0061 317 $aProvenienza: De_Marinis, Marianna. $5IT-NA0079 DE MARINIS C 447 500 10$aDe inventione$3BVEE000719$9CFIV006643$913095 500 10$aRhetorica ad Herennium.$3MOD0492143$925509 620 $dVenezia$3SBLL003553 700 1$aCicero$b, Marcus Tullius$3CFIV006643$4070$082411 702 1$aBade$b, Josse$f <1462-1536>$3BVEV011645 702 1$aLongueil$b, Gilbert : de$f <1507-1543>$3BVEV018170 702 1$aBecichemo$b, Marino$f <1468ca.-1526>$3BVEV018486 702 1$aCapiduri$b, Girolamo$f $3BVEV020168 702 1$aPontano$b, Claudio$f $3BVEV020169 702 1$aAngeli$b, Niccolò$f <1448-ca. 1529>$3BVEV027676 702 1$aVettori$b, Pietro$f <1499-1585>$3CFIV115694 702 1$aVictorinus$b, Caius Marius$3NAPV065188 702 1$aDe_Marinis$b, Marianna$3NAPP000678$4320$5IT-NA0079 DE MARINIS C 447 712 02$aCesano, Bartolomeo$3BVEV018478$4650 790 1$aBadius$b, Jodocus$3BVEV011650$zBade, Josse <1462-1536> 790 0$aAscensius$3BVEV048465$zBade, Josse <1462-1536> 790 1$aBadius$b, Ascensius$f <1462-1536>$3CFIV258259$zBade, Josse <1462-1536> 790 1$aLongolius$b, Gybertus$3BVEV094830$zLongueil, Gilbert : de <1507-1543> 790 1$aAngeli$b, Niccolò : degli$3SBNV008959$zAngeli, Niccolò <1448-ca. 1529> 790 0$aNicolaus : Bucinensis$3SBNV008960$zAngeli, Niccolò <1448-ca. 1529> 790 1$aAngelius$b, Nicolaus$3SBNV008961$zAngeli, Niccolò <1448-ca. 1529> 790 1$aCicerone$b, Marco Tullio$3CFIV006644$zCicero, Marcus Tullius 790 0$aCicerone$3CFIV030674$zCicero, Marcus Tullius 790 0$aCicéron$3CFIV068480$zCicero, Marcus Tullius 790 1$aCicerone$b, M. Tullio$3CFIV150753$zCicero, Marcus Tullius 790 0$aCyceron$3CFIV254495$zCicero, Marcus Tullius 790 1$aVictorius$b, Petrus$3BVEV028696$zVettori, Pietro <1499-1585> 790 1$aVettori$b, Piero$3CFIV241140$zVettori, Pietro <1499-1585> 790 1$aVettori$b, Pier$3CFIV241141$zVettori, Pietro <1499-1585> 790 1$aVittori$b, Pietro$f <1499-1585>$3MILV193910$zVettori, Pietro <1499-1585> 790 1$aVictorinus$b, Afer$3CFIV164354$zVictorinus, Caius Marius 790 1$aVictorinus$b, Marius Fabius$3CFIV164355$zVictorinus, Caius Marius 790 1$aVictorinus$b, Marius Afer$3CFIV236819$zVictorinus, Caius Marius 790 1$aVittorino$b, Caio Mario$3CFIV313021$zVictorinus, Caius Marius 790 1$aVittorino$b, Gaio Mario$3CFIV315393$zVictorinus, Caius Marius 790 0$aGaio Mario Vittorino$3CFIV315395$zVictorinus, Caius Marius 790 0$aVictorinus$c $3CFIV324001$zVictorinus, Caius Marius 790 1$aVictorinus$b, Fabius Marius$f $3CNCV003296$zVictorinus, Caius Marius 790 1$aVictorinus$b, Caius Marius Afer$f $3CNCV015033$zVictorinus, Caius Marius 790 1$aMarius Victorinus$b, Gaius$3MILV186289$zVictorinus, Caius Marius 790 0$aMarius Victorinus$3MILV186290$zVictorinus, Caius Marius 790 1$aVictorinus$b, Marius$3MILV186291$zVictorinus, Caius Marius 790 0$aMario Vittorino$3MILV186292$zVictorinus, Caius Marius 790 1$aVictorinus$b, Gaius Marius$3SBNV013053$zVictorinus, Caius Marius 801 3$aIT$bIT-NA0079$c20140416 850 $aIT-NA0079$aIT-NA0085 912 $aBVEE021594 921 $aTO0M000022$bLa Fortezza: una donna in piedi tiene sotto il braccio una colonna spezzata, con l'altro si appoggia al troncone di base. Motto: Fortitudo mea dominus.$cQ18$cZ566$dSul front. 950 0$aBiblioteca Nazionale Vittorio Emanuele III$c1 v.$d BNDE MARINISC 447$e BN 0005765985 C 1 v. Postille manoscritte sul frontespizio$fC $h19240102$i19240102$lPostille manoscritte sul frontespizio$mNote, dedica e postille manoscritte dell'autore 950 0$aEmeroteca Biblioteca Tucci$d TUF. ANTICO SEC. 16. 0061$e TU 0000000655 B 1 v.$fZ $h20150401$i20150401 977 $a BN$a TU 996 $aDe inventione$913095 996 $aRhetorica ad Herennium$925509 997 $aUNISANNIO LEADER 00848nam0-2200289 --450 001 9910471958003321 005 20210514093854.0 010 $a978-88-575-0428-5 100 $a20210514d2010----kmuy0itay5050 ba 101 0 $aita 102 $aIT 105 $ay 001yy 200 1 $aGuerre solo ingiuste$ela legittimazione dei conflitti e l'America dal Vietnam all'Afghanistan$fCarlo Ruta 210 $aMilano$aUdine$cMimesis$d2010 215 $a67 p.$d21 cm 225 1 $aMimesis. Eterotopie$v93 320 $aContiene bibl. (pp. 61-67) 610 0 $aGuerra 676 $a172.42$v22$zita 700 1$aRuta,$bCarlo$0526800 801 0$aIT$bUNINA$gREICAT$2UNIMARC 901 $aBK 912 $a9910471958003321 952 $aCOLLEZ. 2467 (93)$b2738/2020$fFSPBC 959 $aFSPBC 996 $aGuerre solo ingiuste$91779716 997 $aUNINA LEADER 01507nas 2200361 n 450 001 990009073690403321 005 20240229084534.0 011 $a1723-9729 035 $a000907369 035 $aFED01000907369 035 $a(Aleph)000907369FED01 035 $a000907369 091 $2CNR$aP 00217149 100 $a20090724cuuuu9999km-y0itaa50------ba 101 0 $aita 102 $aIT 110 $aauu-------- 200 1 $a<>Viticoltore pratico$egiornale di agricoltura 207 1$a0- 210 $aAsti$cTip. Operaia A. Bianchi 530 0 $a<>Viticoltore pratico 675 $a634.8 675 $a63 801 0$aIT$bACNP$c20090723 859 4 $uhttp://acnp.cib.unibo.it/cgi-ser/start/it/cnr/dc-p1.tcl?catno=2164727&person=false&language=ITALIANO&libr=&libr_th=unina1$zBiblioteche che possiedono il periodico 901 $aSE 912 $a990009073690403321 958 $aBiblioteca Centralizzata. Facolt di Agraria dell'Universit Federico II di Napoli$b1891;$d22(1891);$ePer. It. E 219$fFAGBC 959 $aFAGBC 996 $aViticoltore pratico$9787018 997 $aUNINA AP1 8 $6866-01$aNA087 Biblioteca Centralizzata. Facolt di Agraria dell'Universit Federico II di Napoli$ev. Universit, 100 Palazzo Reale, 80055 Portici (NA)$m081-2539322$m081-7760229$nit AP2 40$aacnp.cib.unibo.it$nACNP Italian Union Catalogue of Serials$uhttp://acnp.cib.unibo.it/cgi-ser/start/it/cnr/df-p.tcl?catno=2164727&language=ITALIANO&libr=&person=&B=1&libr_th=unina&proposto=NO